00617nam a2200169Ia 4500008004100000041000800041082001500049100002000064245002800084260002100112300000800133365001600141700006100157906003800218999001900256952017200275230718s9999 xx 000 0 und d aeng a621.4bELA aElanchezhian C. aPower Plant Engineering bIk International a337 cRs.b195.00 aElanchezhian C.; Saravanakumar L. & Ramnath V.B.9189851 dB:107080131722-Jan-2008cMECHb39 c318298d318298 00104070aCCEPbCCEPd2008-01-31eVarma Book DistributorsfMECHg156.00i1070801317l0o621.4pCCEP-BK-29505r2023-07-18 00:00:00t39v195.00w2008-01-22yBKz029505